Auburn Fraternities - Statistics

General Stats
  • This quiz has been taken 7 times
  • The average score is 16 of 25
Answer Stats
Fraternity % Correct
Alpha Tau Omega
86%
Delta Chi
86%
Delta Tau Delta
86%
Lambda Chi Alpha
86%
Pi Kappa Alpha
86%
Sigma Alpha Epsilon
86%
Sigma Chi
86%
Theta Chi
86%
Kappa Alpha Order
71%
Phi Gamma Delta
71%
Sigma Nu
71%
Sigma Pi
71%
Tau Kappa Epsilon
71%
Alpha Gamma Rho
57%
Beta Theta Pi
57%
Delta Kappa Epsilon
57%
Farmhouse
57%
Theta Xi
57%
Alpha Sigma Phi
43%
Chi Phi
43%
Phi Delta Theta
43%
Pi Kappa Phi
43%
Alpha Epsilon Pi
29%
Delta Sigma Phi
29%
Beta Upsilon Chi
14%
No matching quizzes found
Score Distribution
Percent of People with Each Score
Percentile by Number Answered
Your Score History
You have not taken this quiz